| 000 | 00840nam a2200277 i 4500 | ||
|---|---|---|---|
| 001 | 33587 | ||
| 003 | BD-RjUL | ||
| 005 | 20211209052030.0 | ||
| 008 | 140410s1974 ii b 001 0 eng d | ||
| 035 | _a(BD-RjUL)33678 | ||
| 040 |
_aDLC _cDLC _dDLC _dBD-RjUL _beng |
||
| 041 | _aeng | ||
| 082 | 0 | 0 |
_a301.363095475 _bDOT 1974 |
| 100 | 1 |
_aDoshi, Harish, _d1941- _9101919 |
|
| 245 | 1 | 0 |
_aTraditional neighbourhood in a modern city / _cHarish Doshi. |
| 250 | _a1st ed. | ||
| 260 |
_aNew Delhi : _bAbhinav Publications, _c1974. |
||
| 300 |
_ax, 154 p. ; _c23 cm. |
||
| 504 | _aIncludes bibliographies and index. | ||
| 650 | 0 |
_aCities and towns _zIndia _zAhmedabad. _9101920 |
|
| 650 | 0 |
_aUrbanization _zIndia _zAhmedabad. _9101921 |
|
| 650 | 0 |
_aNeighborliness. _9101922 |
|
| 942 |
_2ddc _cBK |
||
| 999 |
_c33587 _d33587 |
||